[Event "Vitoria Espirito Santo 3rd"]
[Site "Vitoria"]
[Date "2010.06.12"]
[Round "1.6"]
[White "Lahud, Tarcisio Jose"]
[Black "Santos Junior, Ailton Antonio"]
[Result "1/2-1/2"]
[WhiteElo "1981"]
[BlackElo "1847"]
[PlyCount "45"]
[EventDate "2010.06.12"]
[EventType "swiss"]
[EventRounds "5"]
[EventCountry "BRA"]
[SourceTitle "EXT 2022"]
[Source "ChessBase"]
[SourceDate "2021.10.06"]
[SourceVersion "1"]
[SourceVersionDate "2021.10.06"]
[SourceQuality "1"]

1. d4 Nf6 2. c4 c5 3. e3 cxd4 4. exd4 d5 5. Nf3 g6 6. Nc3 Bg7 7. h3 0-0 8. cxd5 Nxd5 9. Bc4 Nb6 10. Bb3 Nc6 11. Be3 Na5 12. 0-0 Nxb3 13. Qxb3 Be6 14. Qb4 a5 15. Qc5 Nc4 16. d5 Rc8 17. Qb5 Bd7 18. Qb3 Nxb2 19. Bd4 Bxd4 20. Nxd4 Nc4 21. Rfd1 Qc7 22. Qc2 Na3 23. Qd2 1/2-1/2

[Event "Estadual-ch"]
[Site "Vitoria"]
[Date "2009.11.28"]
[Round "2.4"]
[White "Lahud, Tarcisio Jose"]
[Black "Osorio, Jose Eustaquio Hate"]
[Result "1-0"]
[WhiteElo "1987"]
[BlackElo "1973"]
[PlyCount "97"]
[EventDate "2009.11.20"]
[EventType "swiss"]
[EventRounds "7"]
[EventCountry "BRA"]
[SourceTitle "EXT 2022"]
[Source "ChessBase"]
[SourceDate "2021.10.06"]
[SourceVersion "1"]
[SourceVersionDate "2021.10.06"]
[SourceQuality "1"]

1. d4 Nf6 2. e3 g6 3. Nf3 Bg7 4. Bd3 d6 5. b3 0-0 6. Bb2 c6 7. Nbd2 Nbd7 8. 0-0 Nh5 9. Re1 b5 10. c4 b4 11. Qc2 a5 12. a3 Rb8 13. axb4 axb4 14. c5 d5 15. e4 Nf4 16. Bf1 f5 17. exd5 Nxd5 18. Ng5 N7f6 19. Bc4 Kh8 20. Ra7 h6 21. Ngf3 Bb7 22. Ne5 Kh7 23. Bd3 e6 24. Ndc4 Ne8 25. Na5 Bxe5 26. Rxe5 Qe7 27. Ba6 Rf7 28. Rxb7 Rxb7 29. Nxb7 Nec7 30. Bc4 Ne8 31. Nd6 Nxd6 32. cxd6 Qxd6 33. g3 Ra7 34. Re1 Nc7 35. Ra1 Rb7 36. Qe2 Nd5 37. Qe5 Qe7 38. Ra8 Nf6 39. Qxe6 Qxe6 40. Bxe6 Re7 41. d5 Ne8 42. Kg2 cxd5 43. Bxd5 g5 44. Rb8 Nc7 45. Bc4 Ne8 46. Bd4 h5 47. Bc5 Re5 48. Bxb4 h4 49. Rb7+ 1-0

[Event "Estadual-ch"]
[Site "Vitoria"]
[Date "2009.11.28"]
[Round "4.2"]
[White "Lahud, Tarcisio Jose"]
[Black "Silveira, Rogerio Zanon"]
[Result "1/2-1/2"]
[WhiteElo "1987"]
[BlackElo "2113"]
[PlyCount "78"]
[EventDate "2009.11.20"]
[EventType "swiss"]
[EventRounds "7"]
[EventCountry "BRA"]
[SourceTitle "EXT 2022"]
[Source "ChessBase"]
[SourceDate "2021.10.06"]
[SourceVersion "1"]
[SourceVersionDate "2021.10.06"]
[SourceQuality "1"]

1. d4 d5 2. Nf3 Nf6 3. e3 e6 4. Bd3 Bd6 5. b3 0-0 6. Bb2 Nbd7 7. 0-0 c5 8. Nbd2 b6 9. Ne5 Bb7 10. Ndf3 Rc8 11. Qe2 Bb8 12. c4 Qe7 13. Rad1 Rfd8 14. Nxd7 Rxd7 15. Ne5 Rdd8 16. f4 Ne4 17. cxd5 exd5 18. dxc5 bxc5 19. Bxe4 dxe4 20. Nc4 Ba6 21. Qc2 Rxd1 22. Rxd1 f6 23. Qd2 Bxc4 24. bxc4 Bc7 25. Qd7 Qxd7 26. Rxd7 Bb6 27. Bc3 Kf8 28. g4 Rd8 29. Rxd8+ Bxd8 30. Kf2 g6 31. Ke2 Kf7 32. Be1 Ke6 33. h3 f5 34. g5 Kd6 35. Kd1 Kc6 36. Kc2 Kb6 37. Kb3 Ka6 38. Ka4 Bc7 39. Bd2 Bb6 1/2-1/2

[Event "BRA-ch sf"]
[Site "Vitoria"]
[Date "2009.11.01"]
[Round "5"]
[White "Miranda Neto, Jayme Amorim"]
[Black "Lahud, Tarcisio Jose"]
[Result "1-0"]
[WhiteElo "2117"]
[BlackElo "1978"]
[PlyCount "63"]
[EventDate "2009.10.30"]
[EventType "swiss"]
[EventRounds "7"]
[EventCountry "BRA"]
[SourceTitle "EXT 2010"]
[Source "ChessBase"]
[SourceDate "2010.11.25"]
[SourceVersion "1"]
[SourceVersionDate "2010.11.25"]
[SourceQuality "1"]

1. b4 e5 2. Bb2 d6 3. e3 Nf6 4. Be2 Be7 5. d3 Bd7 6. Nd2 Bc6 7. Ngf3 b5 8. 0-0 Nbd7 9. Nb3 Rb8 10. a3 0-0 11. Rc1 a6 12. Nh4 g6 13. Nf3 Re8 14. Na5 Ba8 15. d4 e4 16. Nd2 c5 17. c4 bxc4 18. dxc5 dxc5 19. Ndxc4 cxb4 20. axb4 Bxb4 21. Nb3 Qe7 22. Ra1 Rec8 23. Rxa6 Nc5 24. Bxf6 Qb7 25. Nd6 Qc7 26. Nxc5 Bxc5 27. Nxc8 Rxc8 28. Rxa8 Rxa8 29. Qd5 Rc8 30. g3 Bd6 31. Ra1 h5 32. Ra8 1-0

[Event "Santa Maria Espiritossantense"]
[Site "Santa Maria de Jetiba"]
[Date "2009.10.11"]
[Round "6.1"]
[White "Lahud, Tarcisio Jose"]
[Black "Verdibello, Mario Arnaldo Batis"]
[Result "1/2-1/2"]
[WhiteElo "1978"]
[BlackElo "2108"]
[PlyCount "23"]
[EventDate "2009.10.09"]
[EventType "swiss"]
[EventRounds "6"]
[EventCountry "BRA"]
[SourceTitle "EXT 2022"]
[Source "ChessBase"]
[SourceDate "2021.10.06"]
[SourceVersion "1"]
[SourceVersionDate "2021.10.06"]
[SourceQuality "1"]

1. d4 Nf6 2. Nf3 c5 3. e3 d5 4. b3 Nc6 5. a3 Bg4 6. Bb2 cxd4 7. exd4 e6 8. Bd3 Rc8 9. Nbd2 Bd6 10. h3 Bh5 11. 0-0 0-0 12. c4 1/2-1/2

[Event "Santa Maria Espiritossantense"]
[Site "Santa Maria de Jetiba"]
[Date "2009.10.10"]
[Round "2.5"]
[White "Goncalves, Alexandre"]
[Black "Lahud, Tarcisio Jose"]
[Result "0-1"]
[WhiteElo "1767"]
[BlackElo "1978"]
[PlyCount "62"]
[EventDate "2009.10.09"]
[EventType "swiss"]
[EventRounds "6"]
[EventCountry "BRA"]
[SourceTitle "EXT 2022"]
[Source "ChessBase"]
[SourceDate "2021.10.06"]
[SourceVersion "1"]
[SourceVersionDate "2021.10.06"]
[SourceQuality "1"]

1. d4 d5 2. c4 c6 3. Nc3 e6 4. Nf3 Nf6 5. e3 Bd6 6. Bd3 Nbd7 7. 0-0 dxc4 8. Bxc4 e5 9. Re1 e4 10. Ng5 0-0 11. Ngxe4 Nxe4 12. Nxe4 Bxh2+ 13. Kxh2 Qh4+ 14. Kg1 Qxe4 15. Bd3 Qh4 16. g3 Qe7 17. e4 Nf6 18. Bg5 h6 19. Bxf6 Qxf6 20. e5 Qg5 21. Be4 Be6 22. Qc2 Rfd8 23. Rad1 Rd7 24. Rd3 Rad8 25. f4 Qg4 26. Bf3 Qxg3+ 27. Qg2 Qxg2+ 28. Kxg2 Rxd4 29. Rxd4 Rxd4 30. Kg3 Rd2 31. Be4 g6 0-1

[Event "Vitoria ECXA 2nd"]
[Site "Vitoria"]
[Date "2009.07.09"]
[Round "3.2"]
[White "Torrezani, Eduardo de Moraes"]
[Black "Lahud, Tarcisio Jose"]
[Result "1/2-1/2"]
[WhiteElo "2023"]
[BlackElo "1947"]
[PlyCount "156"]
[EventDate "2009.07.07"]
[EventType "tourn"]
[EventRounds "9"]
[EventCountry "BRA"]
[SourceTitle "EXT 2022"]
[Source "ChessBase"]
[SourceDate "2021.10.06"]
[SourceVersion "1"]
[SourceVersionDate "2021.10.06"]
[SourceQuality "1"]

1. d4 Nf6 2. c4 e6 3. Nf3 d5 4. cxd5 exd5 5. Bg5 Be7 6. Nc3 0-0 7. e3 Bf5 8. Bxf6 Bxf6 9. Qb3 c6 10. Qxb7 Qb6 11. Qxb6 axb6 12. Kd2 Nd7 13. Bd3 Be6 14. h3 g6 15. Ne2 c5 16. Nf4 c4 17. Bc2 b5 18. e4 Nb6 19. exd5 Bxd5 20. Nxd5 Nxd5 21. Be4 Rad8 22. Bxd5 Rxd5 23. Kc3 Rfd8 24. Rhd1 Rc8 25. a4 Be7 26. b3 b4+ 27. Kc2 cxb3+ 28. Kxb3 Rc3+ 29. Kb2 Bd8 30. Rdc1 Ba5 31. Rxc3 bxc3+ 32. Kb3 Rd7 33. Ra2 Rb7+ 34. Kc2 f6 35. Ng1 Re7 36. Ra1 Rb7 37. Rb1 Rxb1 38. Kxb1 Kf7 39. Ne2 Ke6 40. Kc2 Kd5 41. Kd3 c2 42. Nc1 Be1 43. f3 Bf2 44. Nb3 Bxd4 45. Kxc2 Bf2 46. Kd3 f5 47. a5 Kc6 48. g4 Kb5 49. gxf5 gxf5 50. Nd4+ Kxa5 51. Nxf5 Kb5 52. Ke4 Kc5 53. Ke5 Be1 54. f4 Bc3+ 55. Ke6 Bd2 56. Ke5 Bc3+ 57. Ke4 Bf6 58. h4 Kc6 59. h5 Kd7 60. Kd5 Bh8 61. h6 Bf6 62. Ng3 Ke7 63. Ne4 Bh8 64. Ng5 Kf6 65. Nxh7+ Kg6 66. Ng5 Kf5 67. Nf7 Bf6 68. h7 Bg7 69. Nd6+ Kg6 70. Ne8 Bh8 71. Ke6 Kxh7 72. Kf7 Bb2 73. Nf6+ Kh6 74. Nd7 Bc1 75. f5 Bb2 76. Ke6 Kg7 77. Ne5 Bxe5 78. Kxe5 Kf7 1/2-1/2

[Event "Estadual-ch 19th"]
[Site "Vitoria"]
[Date "2008.10.04"]
[Round "2"]
[White "Lahud, Tarcisio Jose"]
[Black "Abelha, Mozart Rosa"]
[Result "1/2-1/2"]
[WhiteElo "1957"]
[BlackElo "2039"]
[PlyCount "49"]
[EventDate "2008.10.03"]
[EventType "swiss"]
[EventRounds "7"]
[EventCountry "BRA"]
[SourceTitle "EXT 2022"]
[Source "ChessBase"]
[SourceDate "2021.10.06"]
[SourceVersion "1"]
[SourceVersionDate "2021.10.06"]
[SourceQuality "1"]

1. d4 Nf6 2. Nf3 g6 3. e3 Bg7 4. Bd3 d6 5. b3 0-0 6. Bb2 Nbd7 7. Nbd2 c5 8. 0-0 a6 9. c4 b6 10. Qc2 Bb7 11. d5 Bc8 12. e4 Nh5 13. Bxg7 Nxg7 14. Rfe1 f6 15. Nf1 Ne5 16. Nxe5 fxe5 17. Ng3 Bd7 18. a4 a5 19. Qd2 Rf6 20. Rf1 Qf8 21. f3 Qf7 22. Rf2 Rf8 23. Raf1 h5 24. Ne2 h4 25. f4 1/2-1/2

[Event "BRA TR Sudeste"]
[Site "Vitoria"]
[Date "2008.05.01"]
[Round "2.10"]
[White "Lahud, Tarcisio Jose"]
[Black "Cantarino Neto, Mario Ribeiro"]
[Result "0-1"]
[WhiteElo "1971"]
[BlackElo "2113"]
[PlyCount "124"]
[EventDate "2008.05.01"]
[EventType "swiss"]
[EventRounds "7"]
[EventCountry "BRA"]
[SourceTitle "EXT 2022"]
[Source "ChessBase"]
[SourceDate "2021.10.06"]
[SourceVersion "1"]
[SourceVersionDate "2021.10.06"]
[SourceQuality "1"]

1. d4 Nf6 2. Nf3 e6 3. e3 b6 4. Bd3 Bb7 5. 0-0 Be7 6. b3 0-0 7. Bb2 c5 8. Nbd2 d5 9. Ne5 Nbd7 10. Qe2 Rc8 11. c4 Ne4 12. f4 Ndf6 13. Rad1 Qc7 14. g4 Nxd2 15. Rxd2 Ne4 16. Bxe4 dxe4 17. g5 b5 18. d5 exd5 19. cxd5 a6 20. Rfd1 Bd6 21. Qg2 Rce8 22. Ng4 Bc8 23. Nf6+ Kh8 24. Nxe8 Rxe8 25. Qf2 Bg4 26. Rc1 Qd7 27. Qh4 Kg8 28. Rg2 Bf3 29. Rg3 Qf5 30. Qh3 Qxd5 31. Qf1 Qd2 32. Qf2 Qd3 33. h3 c4 34. bxc4 Bc5 35. Bd4 Bxd4 36. exd4 bxc4 37. Re1 Rd8 38. d5 Qxd5 39. Kh2 g6 40. Rgg1 Qd2 41. Qxd2 Rxd2+ 42. Kg3 Rxa2 43. Ra1 Rb2 44. Rxa6 c3 45. Rc6 c2 46. Rc1 Bd1 47. Ra1 Rb3+ 48. Kh2 Rb8 49. Ra7 e3 50. Kg1 Kg7 51. Rac7 Rb1 52. Kg2 Rb2 53. Kg3 Rb3 54. Rf6 Kf8 55. Rfxf7+ Ke8 56. Rxh7 Kd8 57. Kg2 e2 58. Kf2 Rf3+ 59. Kxf3 e1Q+ 60. Kg2 Qd2+ 61. Kg3 Qe3+ 62. Kg2 Bf3+ 0-1

[Event "BRA ES-ch"]
[Site "Vitoria"]
[Date "2007.10.12"]
[Round "3.4"]
[White "Lahud, Tarcisio Jose"]
[Black "Silveira, Rogerio Zanon"]
[Result "0-1"]
[WhiteElo "1983"]
[BlackElo "2174"]
[PlyCount "82"]
[EventDate "2007.10.11"]
[EventType "swiss"]
[EventRounds "7"]
[EventCountry "BRA"]
[SourceTitle "EXT 2022"]
[Source "ChessBase"]
[SourceDate "2021.10.06"]
[SourceVersion "1"]
[SourceVersionDate "2021.10.06"]
[SourceQuality "1"]

1. d4 d5 2. c4 e6 3. Nf3 c6 4. Nc3 Nf6 5. Bg5 h6 6. Bd2 Bd6 7. Qc2 Nbd7 8. e3 0-0 9. cxd5 exd5 10. Bd3 Re8 11. 0-0 Qe7 12. Rae1 Ne4 13. Bc1 Ndf6 14. h3 g5 15. Bxe4 dxe4 16. Nd2 Bc7 17. Ne2 h5 18. Qc5 Qxc5 19. dxc5 Be6 20. b3 Ba5 21. Rd1 Rad8 22. Nd4 Bc8 23. a3 Nd5 24. Bb2 g4 25. Nc4 Bc7 26. hxg4 Bxg4 27. Rde1 Kh7 28. f4 exf3 29. Nxf3 Bg3 30. Re2 Rd7 31. Bd4 f6 32. Rd2 Kg6 33. Nh2 Rde7 34. Nxg4 hxg4 35. Rd3 Bc7 36. Kf2 Rh7 37. Nd6 Bxd6 38. cxd6 Rd7 39. Re1 Rxd6 40. Kg3 f5 41. Rh1 Nf6 0-1

[Event "Vitoria op 1st"]
[Site "Vitoria"]
[Date "2006.09.08"]
[Round "3"]
[White "Silveira Filho, Neri da Silva"]
[Black "Lahud, Tarcisio Jose"]
[Result "1/2-1/2"]
[WhiteElo "2274"]
[BlackElo "1989"]
[PlyCount "177"]
[EventDate "2006.09.07"]
[EventType "swiss"]
[EventRounds "7"]
[EventCountry "BRA"]
[SourceTitle "CBM 114 Extra"]
[Source "ChessBase"]
[SourceDate "2006.11.03"]
[SourceVersion "1"]
[SourceVersionDate "2006.11.03"]
[SourceQuality "1"]

1. e4 e5 2. Nf3 Nf6 3. d3 Nc6 4. Be2 Bc5 5. 0-0 d6 6. c3 Bg4 7. b4 Bb6 8. Nbd2 0-0 9. Nc4 Be6 10. Nxb6 axb6 11. Qc2 Ne7 12. Ng5 Bd7 13. f4 exf4 14. Bxf4 Ng6 15. Bg3 h6 16. Nh3 Qe7 17. Nf4 Nxf4 18. Bxf4 Bg4 19. Bf3 Bxf3 20. gxf3 Nh5 21. Be3 f5 22. b5 Qe6 23. c4 fxe4 24. dxe4 Qe5 25. Rad1 Nf4 26. Kh1 Ra3 27. Bxf4 Rxf4 28. Rd5 Qc3 29. Qxc3 Rxc3 30. Kg2 Rxc4 31. Rf2 Rc3 32. Rd4 Rc5 33. a4 Rf8 34. Rb2 Rc3 35. Rf2 Rf6 36. Kg3 Kf7 37. h4 h5 38. Rdd2 Ke6 39. Ra2 Ke5 40. a5 bxa5 41. Rxa5 b6 42. Ra8 Rf7 43. Rh8 g6 44. Rg8 Kf6 45. Kg2 Re7 46. Rf8+ Kg7 47. Rc8 Rc5 48. Rb2 Kf6 49. Kf2 Ke5 50. Rb4 Ke6 51. Kg3 Rf7 52. Rg8 Rf6 53. Rb3 Kf7 54. Rc8 Rc4 55. Kf2 Ke7 56. Ke3 Kd7 57. Rg8 Rc1 58. Rg7+ Ke6 59. Kd2 Rc5 60. Ke3 d5 61. exd5+ Kxd5 62. Kd2 Kc4 63. Kc2 Re6 64. Rc3+ Kxb5 65. Rxc5+ Kxc5 66. Rxc7+ Kd4 67. Kd2 Ke5 68. Rc4 Kf5 69. Rb4 Ke5 70. Kd3 Kd5 71. Rb5+ Kc6 72. Rg5 b5 73. f4 Kb6 74. f5 gxf5 75. Rxh5 Rf6 76. Ke3 b4 77. Rh8 Kc5 78. Rc8+ Kd5 79. Kf4 Rb6 80. Kxf5 b3 81. Rc1 b2 82. Rb1 Kd4 83. h5 Kc3 84. Kg5 Kc2 85. Rxb2+ Rxb2 86. h6 Kd3 87. h7 Rb8 88. Kf6 Kd4 89. Kg7 1/2-1/2

[Event "Estadual-ch"]
[Site "Vitoria"]
[Date "2005.10.??"]
[Round "2"]
[White "Knoblauch, Walter Lucas"]
[Black "Lahud, Tarcisio Jose"]
[Result "0-1"]
[WhiteElo "1861"]
[BlackElo "2008"]
[PlyCount "48"]
[EventDate "2005.10.22"]
[EventType "swiss"]
[EventRounds "7"]
[EventCountry "BRA"]
[SourceTitle "EXT 2022"]
[Source "ChessBase"]
[SourceDate "2021.10.06"]
[SourceVersion "1"]
[SourceVersionDate "2021.10.06"]
[SourceQuality "1"]

1. e4 e5 2. Nf3 Nf6 3. Nc3 Bb4 4. Bc4 d6 5. 0-0 Bxc3 6. bxc3 0-0 7. d3 Bg4 8. Bg5 h6 9. Bh4 g5 10. Bg3 Nbd7 11. h4 Nh5 12. hxg5 hxg5 13. Qe2 Qf6 14. Qe3 Nf4 15. Bh2 Kg7 16. d4 Rh8 17. g3 Qh6 18. Nh4 Nh3+ 19. Kg2 gxh4 20. Qxh6+ Rxh6 21. gxh4 Nf4+ 22. Kg3 Rg6 23. f3 Be6+ 24. Kf2 Bxc4 0-1

[Event "Estadual-ch"]
[Site "Vitoria"]
[Date "2005.10.??"]
[Round "3"]
[White "Lahud, Tarcisio Jose"]
[Black "Abreu, Guilherme Correa"]
[Result "0-1"]
[WhiteElo "2008"]
[BlackElo "2063"]
[PlyCount "64"]
[EventDate "2005.10.22"]
[EventType "swiss"]
[EventRounds "7"]
[EventCountry "BRA"]
[SourceTitle "EXT 2022"]
[Source "ChessBase"]
[SourceDate "2021.10.06"]
[SourceVersion "1"]
[SourceVersionDate "2021.10.06"]
[SourceQuality "1"]

1. d4 d5 2. c4 e6 3. Nf3 Nf6 4. Bg5 Be7 5. Nc3 0-0 6. Qc2 Nbd7 7. e3 h6 8. Bh4 b6 9. cxd5 Nxd5 10. Nxd5 exd5 11. Bxe7 Qxe7 12. Qxc7 Qb4+ 13. Qc3 Qa4 14. Bd3 Ba6 15. 0-0 Rac8 16. Qd2 Bxd3 17. Qxd3 Nf6 18. a3 Qc2 19. Qb5 Rfd8 20. h3 Ne4 21. Rad1 h5 22. Ne5 h4 23. Nd3 Rc4 24. Ne5 Rcc8 25. Qb4 a5 26. Qxb6 Nxf2 27. Rc1 Qd2 28. Rxc8 Rxc8 29. Rxf2 Rc1+ 30. Kh2 Qxf2 31. Qd8+ Kh7 32. Qg5 Qg1# 0-1

[Event "BRA-ch sf"]
[Site "Vitoria"]
[Date "2003.09.05"]
[Round "3"]
[White "Lahud, Tarcisio Jose"]
[Black "Nunes, Jose BL"]
[Result "1-0"]
[WhiteElo "1949"]
[BlackElo "1815"]
[PlyCount "66"]
[EventDate "2003.09.??"]
[EventType "swiss"]
[EventRounds "7"]
[EventCountry "BRA"]
[SourceTitle "EXT 2006"]
[Source "ChessBase"]
[SourceDate "2005.11.24"]
[SourceVersion "1"]
[SourceVersionDate "2005.11.24"]
[SourceQuality "1"]

1. d4 g6 2. Nf3 Bg7 3. Bf4 Nf6 4. h3 d5 5. e3 0-0 6. Nbd2 Nbd7 7. c4 e6 8. Be2 c5 9. 0-0 cxd4 10. exd4 b6 11. Rc1 Bb7 12. c5 bxc5 13. dxc5 Bc6 14. Bd6 Re8 15. Nd4 Qc8 16. b4 a6 17. a4 Ne4 18. Nxe4 dxe4 19. b5 axb5 20. axb5 Bd5 21. Qd2 Ra2 22. Rc2 Rxc2 23. Nxc2 Bf8 24. Bxf8 Rxf8 25. c6 Nb6 26. Qb4 Qc7 27. Ra1 Rd8 28. Ra6 Bc4 29. Bxc4 Nxc4 30. g3 Rd1+ 31. Kg2 Nd2 32. Ne3 Qd8 33. Nxd1 Qd3 1-0